O segredo da felicidade (Registo nº 36117)

Detalhes MARC
000 -Etiqueta do registo
Valores 00642nam a2200241 4500
010 ## - Número ISBN
ISBN 9789722420747
021 ## - Número do Depósito Legal
Código do país Portugal
100 ## - Dados gerais de processamento
Dados gerais 20240325 pory50
101 0# - Língua de publicação
Língua Português
102 ## - País de publicação
País Portugal
200 1# - Titulo e menção de responsabilidade
Título próprio O segredo da felicidade
Primeira menção de responsabilidade Luísa Ducla Soares
Outras menções de responsabilidade il. Cátia Vidinhas
205 ## - Menção da edição
Edição 1.ªed
210 #9 - Publicação
Local de publicação Lisboa
Nome do editor Livros Horizonte,
Data de publicação 2023
215 ## - Descrição física 
Paginação / Volumes [28] p.
Outras indicações físicas il.
Dimensões 29 cm
675 ## - CDU
Notação 087.5
Edição BN
Língua por
675 ## - CDU
Notação 821.134.3-93"19/20"
Edição BN
Língua por
700 #1 - Autor principal
Apelido Soares,
Nome Luísa Ducla,
Datas 1939-
ID Autoridade 2431
702 #1 - Autor secundário
Apelido Vidinhas,
Nome Cátia,
Datas 1989-
Função Ilustrador
801 #0 - Fonte de origem
País PT
Agência BN
Regras de catalogação RPC
090 ## - Tipo de documento
Koha biblioitem number (autogenerated) 36117
990 ## - Elementos KOHA
Tipo de documento Livro
994 ## - Estado da catalogação
Situação Completo
Exemplares
Situação do levantamento Situação do extravio Biblioteca de origem Biblioteca de empréstimo Código de barras Cota Permissão de empréstimo Tipo de documento Forma de aquisição
  Completo Biblioteca da Escola Básica e Secundária Dr Isidoro de Sousa Biblioteca da Escola Básica e Secundária Dr Isidoro de Sousa 8365 087.5 SOA Disponível Livro  




Powered by Koha